[Event "World Rapid 2025"]
[Site "Doha QAT"]
[Date "2025.12.28"]
[Round "13.67"]
[White "Goutham Krishna H"]
[Black "Rakhmanov, Aleksandr"]
[Result "1/2-1/2"]
[WhiteTitle "IM"]
[BlackTitle "GM"]
[WhiteElo "2433"]
[BlackElo "2585"]
[WhiteFideId "25983504"]
[BlackFideId "4173708"]
[EventDate "2025.12.26"]

1. b3 d5 2. Bb2 Nf6 3. Nf3 g6 4. c4 dxc4 5. bxc4 Bg7 6. g3 O-O 7. Bg2 c5 8. O-O
Nbd7 9. d3 Qc7 10. Nc3 a6 11. Rb1 Rb8 12. Qc2 b5 13. cxb5 axb5 14. a4 b4 15. Nb5
Qa5 16. Ne5 Bb7 17. Nxd7 Nxd7 18. Bxg7 Kxg7 19. Bxb7 Rxb7 20. d4 cxd4 21. Nxd4
Nf6 22. Nc6 Rc7 23. Rfc1 Rfc8 24. Nxa5 Rxc2 25. Rxc2 Rxc2 26. Kf1 Nd5 27. e4 Nc3
28. Rxb4 Nd1 29. f4 Ne3+ 30. Ke1 Ng2+ 31. Kd1 Ne3+ 1/2-1/2

[Event "World Rapid 2025"]
[Site "Doha QAT"]
[Date "2025.12.28"]
[Round "13.68"]
[White "Adhiban, Baskaran"]
[Black "Harshavardhan, G B"]
[Result "1-0"]
[WhiteTitle "GM"]
[BlackTitle "IM"]
[WhiteElo "2557"]
[BlackElo "2477"]
[WhiteFideId "5018471"]
[BlackFideId "25059009"]
[EventDate "2025.12.26"]

1. d4 Nf6 2. Nf3 e6 3. c4 Bb4+ 4. Bd2 Bxd2+ 5. Qxd2 d5 6. g3 O-O 7. Bg2 Qe7 8.
O-O c6 9. Rc1 b6 10. Ne5 Bb7 11. Nc3 Nbd7 12. f4 Rfd8 13. cxd5 cxd5 14. Rc2 Nxe5
15. fxe5 Ne4 16. Nxe4 dxe4 17. Rac1 Rd7 18. e3 f6 19. exf6 gxf6 20. Qf2 f5 21.
Bf1 Qd6 22. Qf4 Qxf4 23. gxf4 a6 24. Kf2 Kf7 25. Rc7 Ke7 26. Be2 Rg8 27. b4 Kd6
28. Rxd7+ Kxd7 29. a4 a5 30. bxa5 bxa5 31. Rc5 Ra8 32. Bc4 Kd6 33. Re5 Bc8 34.
d5 exd5 35. Rxd5+ Kc7 36. Re5 Kd6 37. Re8 Bb7 38. Re6+ Kc5 39. Bb5 Rf8 40. Re5+
Kd6 41. Bf1 Bd5 42. Bh3 Rb8 43. Bf1 Rf8 44. Bh3 Rb8 45. Bxf5 Rb6 46. Kg3 Rb2 47.
Bxh7 Re2 48. Kg4 Rxe3 49. h4 Re1 50. h5 Bc6 1-0

[Event "World Rapid 2025"]
[Site "Doha QAT"]
[Date "2025.12.28"]
[Round "13.85"]
[White "Alexakis, Dimitris"]
[Black "Mamedov, Edgar"]
[Result "1/2-1/2"]
[WhiteTitle "GM"]
[BlackTitle "GM"]
[WhiteElo "2544"]
[BlackElo "2492"]
[WhiteFideId "4277023"]
[BlackFideId "13739980"]
[EventDate "2025.12.26"]

1. e4 c5 2. Nf3 Nc6 3. Bb5 e6 4. O-O Nge7 5. Re1 Nd4 6. Nxd4 cxd4 7. c3 a6 8.
Bf1 Nc6 9. b4 Bd6 10. Bb2 O-O 11. Na3 f5 12. g3 fxe4 13. Rxe4 Be7 14. Nc2 d5 15.
Re1 dxc3 16. dxc3 Bf6 17. Nd4 e5 18. Nxc6 bxc6 19. c4 e4 20. Qd2 Be6 21. a4 Bxb2
22. Qxb2 Qf6 23. Qxf6 gxf6 24. cxd5 cxd5 25. Rec1 d4 26. Rc6 Bg4 27. h3 Bf3 28.
Bg2 Bxg2 29. Kxg2 f5 30. Rd1 d3 31. g4 fxg4 32. hxg4 Rf4 33. Kg3 Raf8 34. Re6
Rxf2 35. Rxe4 R8f3+ 36. Kh4 h6 37. g5 hxg5+ 38. Kxg5 Rg3+ 39. Rg4 Rxg4+ 40. Kxg4
Rb2 41. b5 axb5 42. axb5 Rxb5 43. Rxd3 1/2-1/2

[Event "World Rapid 2025"]
[Site "Doha QAT"]
[Date "2025.12.28"]
[Round "13.86"]
[White "Santos Latasa, Jaime"]
[Black "Raja, Rithvik R"]
[Result "1/2-1/2"]
[WhiteTitle "GM"]
[BlackTitle "GM"]
[WhiteElo "2616"]
[BlackElo "2541"]
[WhiteFideId "2293307"]
[BlackFideId "35007394"]
[EventDate "2025.12.26"]

1. e4 c5 2. Nf3 d6 3. Nc3 Nf6 4. d4 cxd4 5. Qxd4 Nc6 6. Qe3 g6 7. h3 Bg7 8. Bc4
O-O 9. O-O Qc7 10. Rd1 a6 11. a4 Nb4 12. Bb3 Be6 13. Qe2 Rac8 14. Bxe6 fxe6 15.
Ng5 Qc4 16. Qxc4 Rxc4 17. Nxe6 Rfc8 18. Nxg7 Kxg7 19. Bg5 Nxc2 20. Rac1 Nb4 21.
f3 Kf7 22. Kf1 Nd7 23. Ke2 Ne5 24. Bf4 Nec6 25. Be3 Na5 26. Bg5 Nb3 27. Rb1 R8c6
28. h4 h5 29. Be3 Rc8 30. Bg5 R8c6 31. Be3 Rc8 32. Bg5 R8c6 1/2-1/2

[Event "World Rapid 2025"]
[Site "Doha QAT"]
[Date "2025.12.28"]
[Round "13.87"]
[White "Samunenkov, Ihor"]
[Black "Svane, Rasmus"]
[Result "1-0"]
[WhiteTitle "GM"]
[BlackTitle "GM"]
[WhiteElo "2584"]
[BlackElo "2608"]
[WhiteFideId "14187086"]
[BlackFideId "4657101"]
[EventDate "2025.12.26"]

1. d4 Nf6 2. c4 e6 3. Nc3 Bb4 4. g3 O-O 5. Bg2 d5 6. a3 Be7 7. Nf3 Nbd7 8. b3
Nb6 9. c5 Nbd7 10. b4 c6 11. O-O b6 12. Bf4 a5 13. Rc1 Ba6 14. Re1 h6 15. e4
axb4 16. axb4 Nxe4 17. Nxe4 dxe4 18. Rxe4 Bb5 19. Ne5 Nxe5 20. Bxe5 Bg5 21. Ra1
Rxa1 22. Qxa1 bxc5 23. bxc5 Bf6 24. h4 Bxe5 25. Rxe5 Qd7 26. Qc3 Rd8 27. Re4 Kh8
28. h5 Qd5 29. Bf3 Qd7 30. Rg4 f5 31. Rg6 Qxd4 32. Qxd4 Rxd4 33. Rxe6 Rc4 34.
Re5 Rc1+ 35. Kg2 Bf1+ 36. Kh2 Bd3 37. Bxc6 Be4 38. Bxe4 fxe4 39. g4 Rc3 40. Kg2
Kg8 41. Rf5 g6 42. hxg6 Kg7 43. Kf1 Rc2 44. Ke1 Kxg6 45. Kd1 Rc4 46. Ke2 Kg7 47.
Ke3 Kg6 48. Kf4 Kg7 49. Rd5 e3+ 50. Kxe3 Rxg4 51. Rd4 Rg1 52. Rc4 Kf6 53. c6 Rg8
54. c7 Rc8 55. Kf4 Ke6 56. Kg4 Kd5 57. Rc1 Ke5 58. Kh5 Kf6 59. Rc6+ Ke7 60. Kxh6
Kd7 61. Rc1 Re8 62. c8=Q+ 1-0

[Event "World Rapid 2025"]
[Site "Doha QAT"]
[Date "2025.12.28"]
[Round "13.88"]
[White "Akobian, Varuzhan"]
[Black "Nikitenko, Mihail"]
[Result "1/2-1/2"]
[WhiteTitle "GM"]
[BlackTitle "GM"]
[WhiteElo "2549"]
[BlackElo "2476"]
[WhiteFideId "13300580"]
[BlackFideId "13506862"]
[EventDate "2025.12.26"]

1. d4 Nf6 2. Nf3 e6 3. c4 h6 4. a3 d5 5. cxd5 exd5 6. Nc3 a6 7. Bf4 Bd6 8. Bxd6
Qxd6 9. e3 O-O 10. Bd3 Re8 11. O-O Bg4 12. h3 Bxf3 13. Qxf3 Nbd7 14. Rfd1 Nb6
15. Rac1 c6 16. Qe2 Qe7 17. Qc2 Nc8 18. Na4 Nd6 19. Nc5 Nfe4 20. Nxe4 Nxe4 21.
Bxe4 Qxe4 1/2-1/2

[Event "World Rapid 2025"]
[Site "Doha QAT"]
[Date "2025.12.28"]
[Round "13.89"]
[White "Siddharth, Jagadeesh"]
[Black "Yilmaz, Mustafa"]
[Result "0-1"]
[WhiteTitle "GM"]
[BlackTitle "GM"]
[WhiteElo "2489"]
[BlackElo "2595"]
[WhiteFideId "5818320"]
[BlackFideId "6302718"]
[EventDate "2025.12.26"]

1. c4 e5 2. Nc3 Bb4 3. Nd5 a5 4. Nf3 d6 5. a3 Bc5 6. e3 Nd7 7. d4 Ba7 8. Be2 c6
9. Nc3 Ngf6 10. Qc2 O-O 11. O-O Re8 12. d5 cxd5 13. cxd5 Nb6 14. e4 Bg4 15. Be3
Nc8 16. Bg5 h6 17. Bh4 Bxf3 18. Bxf3 g5 19. Bg3 Ne7 20. h3 Ng6 21. Qb3 h5 22.
Be2 Bd4 23. Nb5 Bc5 24. Qf3 Nf4 25. Bxf4 exf4 26. Bd3 Nd7 27. Qxh5 Ne5 28. Qd1
g4 29. Rc1 Rc8 30. b4 axb4 31. axb4 Bxf2+ 32. Rxf2 Rxc1 33. Qxc1 Nxd3 34. Qd2
Nxf2 35. Qxf2 Rxe4 36. hxg4 Rxb4 0-1

[Event "World Rapid 2025"]
[Site "Doha QAT"]
[Date "2025.12.28"]
[Round "13.90"]
[White "Gavrilescu, David"]
[Black "Klukin, Kirill"]
[Result "1/2-1/2"]
[WhiteTitle "GM"]
[BlackTitle "IM"]
[WhiteElo "2542"]
[BlackElo "2414"]
[WhiteFideId "1227190"]
[BlackFideId "24199273"]
[EventDate "2025.12.26"]

1. e4 c5 2. Nf3 g6 3. c3 Bg7 4. d4 cxd4 5. cxd4 d5 6. e5 a6 7. h3 Nc6 8. Be2 f6
9. Bf4 fxe5 10. Nxe5 Nf6 11. Nxc6 bxc6 12. Be5 O-O 13. O-O Ne4 14. Bxg7 Kxg7 15.
Nd2 Nxd2 16. Qxd2 Qd6 17. Rac1 Bd7 18. Qe3 Rf4 19. Rce1 Re4 20. Qd2 Qf4 21. Qc3
e5 22. dxe5 Qxe5 23. Bd3 Qxc3 24. bxc3 Rxe1 25. Rxe1 Kf6 26. Rb1 Ke5 27. Rb7 Kd6
28. f4 a5 29. Kf2 Rf8 30. Ke3 Re8+ 31. Kd2 Rf8 32. g3 Bxh3 33. Rxh7 Bf5 34. Rh6
Kc5 35. Bxf5 gxf5 36. Rg6 a4 37. Kd3 a3 38. g4 fxg4 39. Rxg4 Rf5 40. Rh4 Kb5 41.
Rg4 Rh5 42. Rg8 Rh2 43. Ra8 Rxa2 44. f5 Rf2 45. Rxa3 Rxf5 46. Rb3+ Kc5 47. Rb4
Rf2 48. Rh4 Rb2 49. Rh5 Ra2 50. Rg5 Ra4 51. Rh5 Rg4 52. Rf5 Kb5 53. Rh5 c5 54.
Rxd5 Rg3+ 55. Kd2 Kc4 56. Rh5 Rd3+ 57. Kc2 Rxc3+ 58. Kb2 Rd3 59. Kc2 Rd4 60. Rh3
Kb4 61. Rb3+ Kc4 62. Rc3+ Kd5 63. Rh3 Rg4 64. Kc3 1/2-1/2

[Event "World Rapid 2025"]
[Site "Doha QAT"]
[Date "2025.12.28"]
[Round "13.91"]
[White "Droin, Augustin"]
[Black "Haug, Havard"]
[Result "1-0"]
[WhiteTitle "IM"]
[BlackTitle "FM"]
[WhiteElo "2480"]
[BlackElo "2416"]
[WhiteFideId "45105987"]
[BlackFideId "1547887"]
[EventDate "2025.12.26"]

1. e4 c6 2. Nf3 d5 3. d3 g6 4. e5 Bg4 5. d4 Bxf3 6. Qxf3 e6 7. h4 h5 8. c3 Bh6
9. Nd2 Ne7 10. Bd3 c5 11. dxc5 Qc7 12. Qg3 Qxc5 13. Nb3 Qc7 14. Bxh6 Rxh6 15.
Nd4 Nbc6 16. Nf3 O-O-O 17. O-O Nf5 18. Qf4 Rhh8 19. Rfe1 f6 20. Qh2 fxe5 21.
Nxe5 Nxe5 22. Rxe5 Nxh4 23. Rae1 g5 24. Rxg5 Qxh2+ 25. Kxh2 Rdf8 26. Kg3 Nf5+
27. Bxf5 exf5 28. Re5 f4+ 29. Kh3 f3 30. Rxh5 fxg2 31. Kxg2 Rhg8+ 32. Kf1 d4 33.
Rc5+ Kb8 34. cxd4 Rf4 35. d5 Rgf8 36. Rc2 Rd4 37. Re5 b5 38. Rce2 Kb7 39. Re7+
Kb6 40. R2e6+ Kc5 41. Rc7+ Kxd5 42. Rd7+ Kxe6 43. Rxd4 Rc8 44. Ke2 Rc1 45. Rd2
a5 46. Kd3 Kd5 47. Rc2 Ra1 48. b3 a4 49. Kc3 axb3 50. axb3 Rb1 51. Kb4 Kd4 52.
Rc8 Rb2 53. Rf8 Kd3 54. f4 Ke4 55. f5 Ke5 56. f6 Ke6 57. f7 Ke7 58. Re8+ Kxf7
59. Re3 Rh2 60. Kxb5 Rh6 61. b4 Rh5+ 62. Ka6 Rh6+ 63. Ka5 Rh1 64. b5 Ra1+ 65.
Kb6 Kf6 66. Kb7 Kf7 67. b6 Kf6 68. Kc8 Rc1+ 69. Kb8 Ra1 70. b7 Kf7 71. Rc3 1-0

[Event "World Rapid 2025"]
[Site "Doha QAT"]
[Date "2025.12.28"]
[Round "13.92"]
[White "Can, Emre"]
[Black "Shogdzhiev, Roman"]
[Result "1/2-1/2"]
[WhiteTitle "GM"]
[BlackTitle "IM"]
[WhiteElo "2541"]
[BlackElo "2403"]
[WhiteFideId "6302181"]
[BlackFideId "55653537"]
[EventDate "2025.12.26"]

1. d4 d5 2. c4 c6 3. Nf3 Nf6 4. Nc3 e6 5. Bg5 h6 6. Bh4 Be7 7. e3 O-O 8. Bd3
Nbd7 9. O-O dxc4 10. Bxc4 c5 11. Qe2 a6 12. a4 cxd4 13. exd4 Nd5 14. Bxe7 Nxe7
15. Rad1 Nf6 16. Ne5 Bd7 17. d5 exd5 18. Nxd5 Nexd5 19. Bxd5 Qe7 20. Bb3 Bg4 21.
f3 Be6 22. Bxe6 Qxe6 23. f4 Rad8 24. h3 Qb3 25. a5 Qb4 26. Rxd8 Rxd8 27. Qc4
Qxc4 28. Nxc4 Rd4 29. b3 Rd3 30. Rf3 Rxf3 31. gxf3 Nd5 32. Nd6 b6 33. axb6 Nxb6
34. Kf2 Nd5 35. f5 Kf8 36. Ne4 Ke7 37. Nc5 Nb4 38. Ne4 Nc2 39. Nc5 Nb4 40. Ke3
Kd6 41. Ne4+ Ke5 42. f6 g5 43. Nc5 Kxf6 44. Kd4 h5 45. Kc4 Nc6 46. Nxa6 Ne5+ 47.
Kd5 Nxf3 48. b4 g4 49. hxg4 hxg4 50. Nc5 Nd2 51. Nd3 g3 52. Nf4 Ke7 53. b5 Kd7
54. Ke5 Nf3+ 55. Kf6 Nh4 56. Kxf7 g2 57. Nxg2 Nxg2 58. b6 Kc8 59. b7+ Kxb7 1/2-1/2

[Event "World Rapid 2025"]
[Site "Doha QAT"]
[Date "2025.12.28"]
[Round "13.93"]
[White "Kobalia, Mikhail"]
[Black "Orozbaev, Eldiyar"]
[Result "1-0"]
[WhiteTitle "GM"]
[BlackTitle "IM"]
[WhiteElo "2537"]
[BlackElo "2348"]
[WhiteFideId "4119150"]
[BlackFideId "13802240"]
[EventDate "2025.12.26"]

1. e4 e6 2. d3 d5 3. Nd2 Nf6 4. Ngf3 Nc6 5. c3 dxe4 6. dxe4 a5 7. Bb5 Bc5 8. O-O
O-O 9. Qe2 Bd7 10. e5 Nd5 11. Ne4 Be7 12. Bd2 Qe8 13. Bd3 h6 14. Rad1 a4 15. Bb1
Na5 16. c4 Nb6 17. Qd3 g6 18. Bxh6 Naxc4 19. Nf6+ Bxf6 20. exf6 Ra5 21. Ng5 Qd8
22. Nxe6 Nxb2 23. Nxd8 Nxd3 24. Bxf8 Nb2 25. Nxb7 Re5 26. Be7 Nxd1 27. Rxd1 Nd5
28. f4 Nxf4 29. Rxd7 Re1+ 30. Kf2 Rxb1 31. Rxc7 Rb2+ 32. Kf3 Ne6 33. Rc8+ Kh7
34. Nd8 Ng5+ 35. Ke3 a3 36. h4 Rxg2 37. hxg5 1-0

[Event "World Rapid 2025"]
[Site "Doha QAT"]
[Date "2025.12.28"]
[Round "13.94"]
[White "Davtyan, Artur"]
[Black "Le, Tuan Minh"]
[Result "1-0"]
[WhiteTitle "IM"]
[BlackTitle "GM"]
[WhiteElo "2474"]
[BlackElo "2598"]
[WhiteFideId "13308327"]
[BlackFideId "12401153"]
[EventDate "2025.12.26"]

1. e4 e5 2. Nf3 Nc6 3. Bc4 Bc5 4. O-O d6 5. a4 a6 6. d3 Nf6 7. Be3 O-O 8. Nbd2
h6 9. h3 Re8 10. a5 Be6 11. Bxe6 Rxe6 12. Nc4 Ba7 13. Re1 Bxe3 14. fxe3 Qd7 15.
Qd2 Rd8 16. Qf2 Ne7 17. Re2 Ng6 18. Nh4 Nxh4 19. Qxh4 c6 20. Nb6 Qe7 21. Ra3 d5
22. exd5 cxd5 23. Rb3 Rc6 24. Qb4 Qc7 25. Rc3 Rdd6 26. Rxc6 Rxc6 27. c3 Qd8 28.
Rf2 Re6 29. Na4 Re7 30. Nc5 Qc7 31. Qb6 Qc8 32. b4 Ne8 33. c4 d4 34. e4 Qc7 35.
Qxc7 Rxc7 36. Na4 Nd6 37. Nb6 Kf8 38. Rb2 h5 39. g4 hxg4 40. hxg4 f6 41. Rh2 Kg8
42. Kf2 Nf7 43. Kg3 Nd8 44. Kf2 1-0

[Event "World Rapid 2025"]
[Site "Doha QAT"]
[Date "2025.12.28"]
[Round "13.95"]
[White "Urkedal, Frode Olav Olsen"]
[Black "Bai, Adelard"]
[Result "1/2-1/2"]
[WhiteTitle "GM"]
[BlackTitle "IM"]
[WhiteElo "2568"]
[BlackElo "2417"]
[WhiteFideId "1506102"]
[BlackFideId "16301188"]
[EventDate "2025.12.26"]

1. d4 Nf6 2. c4 e6 3. Nf3 Bb4+ 4. Bd2 Qe7 5. g3 Nc6 6. Nc3 Bxc3 7. Bxc3 Ne4 8.
Rc1 O-O 9. Bg2 d6 10. d5 Nd8 11. O-O f5 12. Be1 Nf7 13. Qc2 c5 14. dxc6 bxc6 15.
Nd2 Nxd2 16. Bxd2 Bb7 17. e4 c5 18. exf5 Bxg2 19. Kxg2 Qb7+ 20. f3 exf5 21. Qxf5
Qxb2 22. Qd5 Rae8 23. Rce1 Qxa2 24. Kg1 Qb2 25. Bg5 Re5 26. Rxe5 Qxe5 27. Qxe5
Nxe5 28. Be7 Rxf3 29. Bxd6 Rxf1+ 30. Kxf1 Nxc4 31. Bxc5 a6 32. Ke2 Kf7 33. Kd3
Ne5+ 34. Ke4 Ng4 35. h3 Nf6+ 36. Kf5 g6+ 37. Kf4 Ke6 38. Bd4 h6 39. g4 a5 40.
Bb2 a4 41. h4 Nd5+ 42. Ke4 Nb4 43. Bc3 Nd5 44. Bb2 Nc7 45. Kd3 Kd5 46. h5 gxh5
47. gxh5 Ne6 48. Bc1 Ng7 49. Kc3 Kc5 50. Bxh6 Nxh5 51. Bf8+ 1/2-1/2

[Event "World Rapid 2025"]
[Site "Doha QAT"]
[Date "2025.12.28"]
[Round "13.96"]
[White "Suleimen, Ergali"]
[Black "Zhang, Zhong"]
[Result "1-0"]
[WhiteTitle "IM"]
[BlackTitle "GM"]
[WhiteElo "2419"]
[BlackElo "2561"]
[WhiteFideId "13724452"]
[BlackFideId "8600694"]
[EventDate "2025.12.26"]

1. e4 e5 2. Nf3 Nc6 3. Bb5 Nd4 4. Nxd4 exd4 5. O-O Bc5 6. Bc4 Qe7 7. d3 d6 8.
Nd2 Nf6 9. Nf3 Bg4 10. h3 Bh5 11. c3 dxc3 12. bxc3 O-O 13. a4 c6 14. d4 d5 15.
e5 Ne4 16. Bd3 Bb6 17. a5 Bc7 18. g4 Bg6 19. Ba3 c5 20. Bxe4 dxe4 21. Bxc5 Qd8
22. Bxf8 Kxf8 23. Ne1 Bxa5 24. Qb3 b6 25. Ng2 Rc8 26. Rac1 Qg5 27. c4 Bd2 28.
Rcd1 h5 29. h4 Qh6 30. g5 Bxg5 31. hxg5 Qxg5 32. Qg3 1-0

[Event "World Rapid 2025"]
[Site "Doha QAT"]
[Date "2025.12.28"]
[Round "13.69"]
[White "Rakotomaharo, Fy Antenaina"]
[Black "Halkias, Stelios"]
[Result "0-1"]
[WhiteTitle "IM"]
[BlackTitle "GM"]
[WhiteElo "2434"]
[BlackElo "2503"]
[WhiteFideId "13100050"]
[BlackFideId "4201809"]
[EventDate "2025.12.26"]

1. e4 c5 2. Nf3 Nc6 3. d4 cxd4 4. Nxd4 Nf6 5. Nc3 e5 6. Ndb5 d6 7. Nd5 Nxd5 8.
exd5 Nb8 9. a4 Be7 10. Be3 Bf5 11. a5 Nd7 12. Bxa7 O-O 13. Be2 Bg6 14. O-O f5
15. b4 f4 16. c4 e4 17. Bg4 f3 18. gxf3 exf3 19. Ra3 Bf6 20. Rxf3 Ne5 21. Bb6
Qe7 22. Rg3 Bh4 23. Rg2 Be4 24. f3 Bd3 25. Be6+ Kh8 26. f4 Bxc4 27. Nd4 Bxf1 28.
Qxf1 g6 29. f5 Bg5 30. Qe2 Bf4 31. Rf2 Qh4 32. Rg2 Rac8 33. Bxc8 Rxc8 34. Nb3
Rc3 35. Bf2 Qh3 36. Nd4 Rc1+ 37. Be1 Be3+ 38. Kh1 Bxd4 39. fxg6 hxg6 40. Qd2 Qf3 0-1

[Event "World Rapid 2025"]
[Site "Doha QAT"]
[Date "2025.12.28"]
[Round "13.70"]
[White "Materia, Marco"]
[Black "Morris, James"]
[Result "1-0"]
[WhiteTitle "IM"]
[BlackTitle "IM"]
[WhiteElo "2497"]
[BlackElo "2422"]
[WhiteFideId "45150451"]
[BlackFideId "3205800"]
[EventDate "2025.12.26"]

1. d4 Nf6 2. c4 d6 3. Nf3 c6 4. Nc3 Bg4 5. e4 Nbd7 6. Be2 e5 7. O-O Be7 8. Be3
O-O 9. Qc2 Qc7 10. h3 Bh5 11. Rad1 Rfe8 12. Nd2 Bg6 13. Rfe1 Bf8 14. Bd3 exd4
15. Bxd4 Nc5 16. Nf1 Nxd3 17. Qxd3 Nd7 18. Qg3 Qa5 19. f4 f5 20. exf5 Qxf5 21.
Qf2 Rxe1 22. Rxe1 Qd3 23. b3 a6 24. Rd1 Qc2 25. Rd2 Qf5 26. Ng3 Qa5 27. f5 Bf7
28. Nce4 h6 29. Bc3 Qc7 30. Qf4 Rd8 31. Nxd6 Nf6 32. Be5 Bxd6 33. Rxd6 Rxd6 34.
Bxd6 Qa5 35. a4 Qb6+ 36. Kh2 Qxb3 37. Be7 Qxc4 38. Qb8+ Ne8 39. f6 Qxa4 40. Nf5
Qa5 41. Nxg7 Qc7+ 42. Qxc7 Nxc7 43. Nf5 Kh7 44. Nd6 Kg8 45. Nxb7 Ne8 46. Kg3 Bd5
47. Nd8 a5 48. Kf4 Nxf6 49. Bxf6 Bxg2 50. h4 h5 51. Be7 a4 52. Bb4 Kg7 53. Ne6+
Kf6 54. Nc5 Kg6 55. Nxa4 Bd5 56. Nc5 Bc4 57. Nd7 Bd5 58. Ke5 Bh1 59. Be7 Bg2 60.
Bg5 Kf7 61. Kd6 Kg6 62. Ne5+ Kf5 63. Nxc6 Kg6 64. Ne5+ Kf5 65. Nd3 Bf1 66. Nf4
Kg4 67. Ke5 Bb5 68. Nd5 Kh3 69. Nf6 Be2 70. Kf5 Bd3+ 71. Ke6 Be2 72. Kf7 Kg3 73.
Kg6 Kf3 74. Nxh5 1-0

[Event "World Rapid 2025"]
[Site "Doha QAT"]
[Date "2025.12.28"]
[Round "13.71"]
[White "Piliposyan, Robert"]
[Black "Peyrer, Konstantin"]
[Result "1-0"]
[WhiteTitle "IM"]
[BlackTitle "IM"]
[WhiteElo "2442"]
[BlackElo "2496"]
[WhiteFideId "13309978"]
[BlackFideId "1640879"]
[EventDate "2025.12.26"]

1. d4 Nf6 2. c4 g6 3. Nc3 Bg7 4. e4 d6 5. Nge2 O-O 6. h3 c5 7. d5 e6 8. Ng3 exd5
9. cxd5 h5 10. Bg5 Re8 11. Be2 Qb6 12. Qc2 Na6 13. O-O Nh7 14. Bf4 h4 15. Nh1
Bd7 16. Rfe1 Rac8 17. Bc4 f5 18. Qb3 Nb4 19. a3 g5 20. Bd2 Na6 21. Qxb6 axb6 22.
exf5 Nc7 23. g4 hxg3 24. Nxg3 b5 25. Bb3 c4 26. Bc2 Nf6 27. Bxg5 Ncxd5 28. Nce4
Nxe4 29. Bxe4 Rxe4 30. Nxe4 Bxb2 31. Rad1 Bc6 32. Nxd6 Rf8 33. Re6 c3 34. Rg6+
Kh7 35. Kh2 Bxa3 36. Rh6+ Kg8 37. Rg6+ Kh7 38. Rh6+ Kg8 39. Nxb5 Rxf5 40. Nxa3
Rxg5 41. Rg1 Rxg1 42. Kxg1 Kf7 43. Kf1 Bd7 44. Rd6 Bxh3+ 45. Ke2 Be6 46. Rd8 Ke7
47. Rb8 b6 48. Kd3 Kf6 49. Kd4 Kf5 50. Rf8+ Kg6 51. Ke5 Bf7 52. Rxf7 Kxf7 53.
Kxd5 b5 54. Nc2 Kf6 55. Kd4 Kf5 56. Kxc3 Kf4 57. Kd2 1-0

[Event "World Rapid 2025"]
[Site "Doha QAT"]
[Date "2025.12.28"]
[Round "13.72"]
[White "Sapenov, Daniyal"]
[Black "Christiansen, Johan-Sebastian"]
[Result "1-0"]
[WhiteTitle "IM"]
[BlackTitle "GM"]
[WhiteElo "2440"]
[BlackElo "2655"]
[WhiteFideId "13728911"]
[BlackFideId "1512668"]
[EventDate "2025.12.26"]

1. e4 e5 2. Nf3 Nc6 3. Bb5 f5 4. d3 Nf6 5. O-O d6 6. Nc3 Be7 7. d4 Nxe4 8. dxe5
Nxc3 9. bxc3 O-O 10. exd6 Bxd6 11. Re1 f4 12. Qd5+ Kh8 13. Ng5 Qf6 14. Ne4 Qe5
15. Qxe5 Bxe5 16. Ba3 Rf5 17. g4 Rf6 18. Bxc6 bxc6 19. Nxf6 gxf6 20. f3 Be6 21.
Bc5 Bxc3 22. Rxe6 Bxa1 23. Rxc6 Rd8 24. Bxa7 Ra8 25. Bc5 Be5 26. a3 Rd8 27. Bb4
Rd1+ 28. Kg2 Ra1 29. h4 Kg8 30. g5 fxg5 31. hxg5 Bd4 32. Bc3 Rg1+ 33. Kh2 Be3
34. Bf6 Rf1 35. Rxc7 Rf2+ 36. Kh3 Rxf3+ 37. Kg4 Rf1 38. Rg7+ Kf8 39. Rxh7 f3 40.
g6 Rg1+ 41. Kf5 Ke8 42. Ke6 Bc5 43. Rh8+ Bf8 44. g7 1-0

[Event "World Rapid 2025"]
[Site "Doha QAT"]
[Date "2025.12.28"]
[Round "13.73"]
[White "Harikrishnan, A. Ra"]
[Black "Samadov, Read"]
[Result "1-0"]
[WhiteTitle "GM"]
[BlackTitle "IM"]
[WhiteElo "2531"]
[BlackElo "2510"]
[WhiteFideId "5081483"]
[BlackFideId "13417444"]
[EventDate "2025.12.26"]

1. Nf3 Nf6 2. g3 c5 3. Bg2 Nc6 4. c4 g6 5. O-O Bg7 6. Nc3 d6 7. d4 cxd4 8. Nxd4
Bd7 9. Nc2 h5 10. Bg5 Nh7 11. Bd2 h4 12. Nd5 O-O 13. Bc3 Ne5 14. f4 Nc6 15. Bxg7
Kxg7 16. e4 e6 17. Nde3 Qb6 18. Qxd6 Rad8 19. Qa3 e5 20. Rf2 h3 21. Bf1 Nd4 22.
Nxd4 Qxd4 23. Qd3 Nf6 24. fxe5 Qxe5 25. Nd5 Nxe4 26. Re2 f5 27. Bxh3 b5 28. Qc3
Rfe8 29. Qxe5+ Rxe5 30. Nc3 Rde8 31. Rae1 Bc6 32. cxb5 Bxb5 33. Nxb5 Rxb5 34.
Bg2 a5 35. b3 a4 36. bxa4 Rb4 37. Bxe4 fxe4 38. a5 Ra4 39. Rb1 Rxa5 40. Rb7+ Kf6
41. Rb6+ Kg5 42. Kg2 Rea8 43. Rbb2 Ra3 44. Rb5+ Kh6 45. Rxe4 Rxa2+ 46. Kh3 R2a4
47. Ree5 Ra2 48. Red5 Rc8 49. Rd4 Rcc2 50. Rh4+ Kg7 51. Rb7+ Kf6 52. Rf4+ Kg5
53. Rb5+ Kh6 54. Rh4+ Kg7 55. Rb7+ Kf6 56. Rd4 Rxh2+ 57. Kg4 Ra6 58. Rf4+ Ke5
59. Re7+ Kd5 60. Rf1 Kd6 61. Re3 Ra5 62. Rd1+ Kc7 63. Rc3+ Kb7 64. Rb1+ Ka7 65.
Rc7+ Ka6 66. Rc6+ Ka7 67. Rxg6 Ra4+ 68. Kg5 Ra5+ 69. Kf6 Rg2 70. Rb3 Ra4 71. Kg7
Rg1 72. Rb5 Rg2 73. Kh6 Rh2+ 74. Rh5 Rg2 75. Rf5 Rh2+ 76. Kg5 Rh7 77. Rb5 Rd7
78. Kh6 Ra3 79. Rb4 Ra1 80. Rg7 Rh1+ 81. Kg6 Rxg7+ 82. Kxg7 Ka6 83. g4 Rh4 84.
Kf6 Ka5 85. Re4 Kb5 86. Kf5 Kc5 87. g5 Rh8 88. g6 Rf8+ 89. Kg5 Kd5 90. Re1 Rf2
91. g7 Rg2+ 92. Kf6 Rg3 93. Rf1 1-0

[Event "World Rapid 2025"]
[Site "Doha QAT"]
[Date "2025.12.28"]
[Round "13.74"]
[White "Isanzhulov, Arystan"]
[Black "Krallis, Christos"]
[Result "1-0"]
[WhiteTitle "IM"]
[BlackTitle "IM"]
[WhiteElo "2419"]
[BlackElo "2416"]
[WhiteFideId "13711644"]
[BlackFideId "4298896"]
[EventDate "2025.12.26"]

1. e4 e5 2. Nf3 Nc6 3. Nc3 Nf6 4. g3 Bb4 5. Bg2 O-O 6. O-O d6 7. d3 h6 8. a3
Bxc3 9. bxc3 d5 10. exd5 Nxd5 11. Bb2 Re8 12. Re1 Nb6 13. a4 a5 14. Nd2 Qd6 15.
c4 Bf5 16. Ne4 Qg6 17. Nc5 Rab8 18. Bc3 Nd7 19. Nxd7 Bxd7 20. c5 Bg4 21. Qd2 Qh5
22. Qe3 Bh3 23. Bf3 Bg4 24. Bg2 Bh3 25. Bf3 Bg4 26. Bh1 Bd7 27. Rab1 Qg4 28. Be4
f5 29. Bd5+ Kh7 30. Bf7 Re7 31. f3 Qh3 32. Bd5 Qh5 33. f4 e4 34. d4 b6 35. Bc4
bxc5 36. Rxb8 cxd4 37. Bxd4 Nxb8 38. Qb3 Qe8 39. Bc5 Bxa4 40. Qa2 Bd7 41. Qxa5
Nc6 42. Qxc7 Be6 43. Bxe7 Bxc4 44. Bc5 Bd5 45. Qd6 Bc4 46. Be3 Ne7 47. Qc7 Bf7
48. Qe5 Qf8 49. Bc5 1-0